000 00526nam a22001697a 4500
005 20251108164341.0
008 250721s1977 xx 000 0 ara d
082 1 4 _a398.2/قار
100 1 _aقاردن، ناظم قاسم
245 1 0 _aمن الأساطير الجركسية :
_bنارت سوسرقوا /
264 1 _aعمان :
_bالجمعية الخرية الجركسية،
_c1977.
300 _aج : مص
650 1 7 _aعلم الأساطير
650 1 7 _aالجراكسة
942 _2ddc
_cBK
999 _c10022
_d10022